00368pab a2200121 454500008004000000100002100040245007100061260000900132300001000141362001100151650005000162773003400212180718b1989 xxu||||| |||| 00| 0 eng d aRoy Burman, B.K. aProblems and prospects of tribal development in North - East India c1989 a693-7 a1 Apr. aTribes and Tribal System - India - North East aEconomic and Political Weekly